[Event "II Open A"]
[Site "San Marino SMR"]
[Date "2006.06.07"]
[Round "3"]
[White "Daurelle, Herve"]
[Black "Berkovich, Mark A."]
[Result "0-1"]
[WhiteElo "2204"]
[BlackElo "2392"]
[PlyCount "62"]
[EventDate "2006.06.05"]

1. e4 e5 2. Nf3 d6 3. d4 exd4 4. Nxd4 Nf6 5. Nc3 Be7 6. Bf4 O-O 7. Qd2 d5 8.
Ndb5 c6 9. Nc7 d4 10. Ne2 g5 11. Nxa8 gxf4 12. f3 c5 13. Qxf4 Nc6 14. Nc7 Kh8
15. Nd5 Nxd5 16. exd5 Nb4 17. Qd2 Bf5 18. Rc1 Nxa2 19. Ng3 Bg6 20. Rd1 Nb4 21.
Bd3 Bg5 22. f4 Re8+ 23. Kf2 Qf6 24. Ne2 Nxd3+ 25. cxd3 Bh5 26. Rhe1 Rxe2+ 27.
Rxe2 Bxf4 28. Qc2 Bxh2+ 29. Ke1 Bg3+ 30. Rf2 Qxf2+ 31. Qxf2 Bxf2+ 0-1

[Event "II Open A"]
[Site "San Marino SMR"]
[Date "2006.06.07"]
[Round "3"]
[White "Del Rio Angelis, Salvador Gabriel"]
[Black "Zozulia, Anna"]
[Result "1/2-1/2"]
[WhiteElo "2516"]
[BlackElo "2355"]
[PlyCount "35"]
[EventDate "2006.06.05"]

1. d4 Nf6 2. c4 g6 3. Nc3 Bg7 4. e4 d6 5. Bd3 O-O 6. Nge2 e5 7. d5 c6 8. O-O
cxd5 9. cxd5 Nbd7 10. Ng3 Nc5 11. Bc2 a5 12. Kh1 Ng4 13. h3 Qh4 14. Nce2 Bh6
15. Kg1 Bxc1 16. Qxc1 Nf6 17. Qe3 Nh5 18. Nxh5 1/2-1/2

[Event "II Open A"]
[Site "San Marino SMR"]
[Date "2006.06.07"]
[Round "3"]
[White "Delchev, Aleksander"]
[Black "Zapata, Alonso"]
[Result "1/2-1/2"]
[WhiteElo "2640"]
[BlackElo "2470"]
[PlyCount "48"]
[EventDate "2006.06.05"]

1. d4 Nf6 2. Nf3 g6 3. g3 Bg7 4. Bg2 O-O 5. O-O d6 6. c4 Nbd7 7. Nc3 e5 8. b3
c6 9. e4 exd4 10. Nxd4 Re8 11. Bb2 Nc5 12. Qc2 a5 13. Rad1 Qb6 14. Nde2 a4 15.
Nc1 a3 16. Ba1 Nfxe4 17. Nxe4 Bxa1 18. Nxd6 Re7 19. Nd3 Bg7 20. Nxc8 Rxc8 21.
Qc1 Nxd3 22. Rxd3 Qc5 23. Qd2 Rce8 24. Bf3 h5 1/2-1/2

[Event "II Open A"]
[Site "San Marino SMR"]
[Date "2006.06.07"]
[Round "3"]
[White "Di Caro, Calogero"]
[Black "Jobava, Baadur"]
[Result "0-1"]
[WhiteElo "2318"]
[BlackElo "2646"]
[PlyCount "84"]
[EventDate "2006.06.05"]

1. Nf3 Nf6 2. c4 g6 3. g3 Bg7 4. Bg2 d6 5. d4 Nbd7 6. O-O e5 7. Nc3 O-O 8. h3
c6 9. dxe5 dxe5 10. Be3 Qe7 11. Qb3 Ne8 12. c5 Kh8 13. Rad1 f5 14. Na4 Nc7 15.
Qc2 Nf6 16. Qc1 Be6 17. b3 Bg8 18. Bh6 Rae8 19. Bxg7+ Kxg7 20. e3 Ncd5 21. a3
Ne4 22. b4 g5 23. Rfe1 g4 24. Nd2 gxh3 25. Bxh3 Ng5 26. Bg2 e4 27. Qb2+ Kg6 28.
Nc4 h5 29. Nd6 Rd8 30. b5 Be6 31. bxc6 bxc6 32. Qe5 Qf6 33. Qxf6+ Kxf6 34. Rb1
Rd7 35. Rec1 Rg8 36. Kf1 Nf7 37. Nc4 Ne5 38. Nxe5 Kxe5 39. Bh3 Nxe3+ 40. fxe3
Rxg3 41. Bg2 Rd2 42. Bh1 Rh2 0-1

[Event "II Open A"]
[Site "San Marino SMR"]
[Date "2006.06.07"]
[Round "3"]
[White "Di Majo, Carlo"]
[Black "Bartolozzi, Roberto"]
[Result "1/2-1/2"]
[WhiteElo "2008"]
[BlackElo "2117"]
[PlyCount "79"]
[EventDate "2006.06.05"]

1. d4 e6 2. Nf3 Nf6 3. Bf4 d5 4. e3 c5 5. c3 Nc6 6. Nbd2 Bd6 7. Ne5 Qc7 8. Bb5
Bd7 9. Nxd7 Qxd7 10. Bxd6 Qxd6 11. Nf3 a6 12. Qa4 O-O 13. Bxc6 bxc6 14. dxc5
Qxc5 15. O-O Nd7 16. Rfd1 e5 17. Qh4 Rad8 18. Rac1 e4 19. Nd4 Ne5 20. Qg5 Qd6
21. Nf5 Qf6 22. Qxf6 gxf6 23. b3 Rfe8 24. Rd4 Nd3 25. Rd1 c5 26. R4xd3 exd3 27.
Rxd3 a5 28. h3 Kf8 29. f3 Rd7 30. g4 Ra8 31. Kf2 a4 32. Kg3 axb3 33. axb3 Rb8
34. c4 Rbd8 35. cxd5 Rxd5 36. Rc3 Rc8 37. Kf4 Rd1 38. Rc4 Rb1 39. Rc3 Rc7 40.
h4 1/2-1/2

[Event "II Open A"]
[Site "San Marino SMR"]
[Date "2006.06.07"]
[Round "3"]
[White "Dimakiling, Oliver"]
[Black "Scalcione, Michelangelo"]
[Result "1-0"]
[WhiteElo "2452"]
[BlackElo "2255"]
[PlyCount "78"]
[EventDate "2006.06.05"]

1. d4 d6 2. Nc3 Nf6 3. Bg5 Nbd7 4. e4 e5 5. Nf3 Be7 6. dxe5 dxe5 7. Bc4 O-O 8.
O-O c6 9. a4 Qc7 10. Bh4 b6 11. Qe2 a6 12. Rfd1 Bb7 13. Ng5 Bc5 14. b4 Bd4 15.
Ra3 b5 16. Ba2 h6 17. Nf3 a5 18. Nxd4 exd4 19. Rxd4 Qe5 20. Qd1 axb4 21. Rxb4
Rfd8 22. Bg3 Qe8 23. f3 Nc5 24. Qa1 Na6 25. Rb1 b4 26. Rab3 Nh5 27. Ne2 Rd2 28.
Re3 Rad8 29. Bb3 Nxg3 30. Nxg3 Qe7 31. Nf5 Qf8 32. f4 g6 33. Rg3 Kh7 34. Nxh6
Qxh6 35. Rh3 Rxg2+ 36. Kxg2 Rd2+ 37. Kg3 Qxh3+ 38. Kxh3 Bc8+ 39. Kg3 Nc5 1-0

[Event "II Open A"]
[Site "San Marino SMR"]
[Date "2006.06.07"]
[Round "3"]
[White "Djuric, Stefan"]
[Black "Markowski, Tomasz"]
[Result "1/2-1/2"]
[WhiteElo "2464"]
[BlackElo "2554"]
[PlyCount "104"]
[EventDate "2006.06.05"]

1. e4 d6 2. d4 Nf6 3. f3 e5 4. d5 Be7 5. c4 a5 6. Be3 O-O 7. Ne2 Na6 8. Ng3 Ne8
9. Qd2 Nc5 10. Be2 Bd7 11. Nc3 h6 12. O-O-O Bg5 13. Nf5 Bxe3 14. Qxe3 Bxf5 15.
exf5 Qg5 16. Qxg5 hxg5 17. h4 gxh4 18. Rxh4 Nf6 19. Rdh1 g6 20. fxg6 fxg6 21.
Nb5 Na6 22. Rh6 Kf7 23. g4 Rg8 24. Bd3 Rg7 25. g5 Nd7 26. Kd2 Rag8 27. Ke3 Ke7
28. b3 c6 29. dxc6 bxc6 30. Na7 Ndb8 31. Rh7 Kd8 32. R1h6 Nc5 33. Be4 Nxe4 34.
Kxe4 Re7 35. Rh8 Rxh8 36. Rxh8+ Re8 37. Rxe8+ Kxe8 38. c5 Kd7 39. cxd6 Kxd6 40.
Nc8+ Ke6 41. Nb6 Na6 42. Nc4 Nc5+ 43. Ke3 Nb7 44. f4 exf4+ 45. Kxf4 c5 46. Ke4
Nd6+ 47. Nxd6 Kxd6 48. a3 Ke6 49. a4 Kd6 50. Kd3 Kd5 51. Kc3 Kd6 52. Kc4 Kc6
1/2-1/2

[Event "II Open A"]
[Site "San Marino SMR"]
[Date "2006.06.07"]
[Round "3"]
[White "Doric, Darko"]
[Black "Vazquez Igarza, Renier"]
[Result "1/2-1/2"]
[WhiteElo "2401"]
[BlackElo "2517"]
[PlyCount "113"]
[EventDate "2006.06.05"]

1. d4 e6 2. c4 f5 3. Nf3 Nf6 4. g3 d5 5. Bg2 c6 6. Nbd2 Bd6 7. O-O O-O 8. Ne5
b6 9. Qc2 Qe7 10. Nd3 Bb7 11. Nf3 Nbd7 12. Nfe5 Rac8 13. Bf4 c5 14. Nxd7 Nxd7
15. Bxd6 Qxd6 16. dxc5 Nxc5 17. cxd5 Bxd5 18. Bxd5 Qxd5 19. Nf4 Qc6 20. Rac1 a5
21. Rfd1 Rf7 22. Qd2 Rfc7 23. Qe3 Kf7 24. Rd4 Qe8 25. Qe5 Qe7 26. Nh5 Qg5 27.
Nf4 Qf6 28. Qxf6+ Kxf6 29. Rd6 g5 30. Nd5+ Ke5 31. Nxc7 Kxd6 32. Nb5+ Ke5 33.
Kg2 g4 34. f3 h5 35. Na3 Kf6 36. Rc2 e5 37. b3 Ke6 38. Nc4 Nb7 39. Rd2 b5 40.
Ne3 Nd6 41. Nd5 gxf3+ 42. exf3 h4 43. Ne3 hxg3 44. hxg3 b4 45. Re2 Rc1 46. Kf2
Rc3 47. Nd1 Rd3 48. Ne3 Kf6 49. Rc2 e4 50. Rc6 exf3 51. Kxf3 Ke6 52. Ke2 Rc3
53. Nc4 Ke7 54. Rxd6 Rxc4 55. Rd5 Rc2+ 56. Kd3 Rxa2 57. Rxf5 1/2-1/2

[Event "II Open A"]
[Site "San Marino SMR"]
[Date "2006.06.07"]
[Round "3"]
[White "Dvirnyy, Danyyil"]
[Black "Faccia, Sergio"]
[Result "1-0"]
[WhiteElo "2280"]
[BlackElo "2042"]
[PlyCount "85"]
[EventDate "2006.06.05"]

1. e4 e5 2. Nf3 Nc6 3. Bb5 a6 4. Ba4 Nf6 5. O-O Be7 6. Re1 b5 7. Bb3 O-O 8. a4
b4 9. d3 d6 10. h3 Rb8 11. a5 Na7 12. Nbd2 c5 13. Nc4 Nc6 14. Bg5 Be6 15. Nfd2
Nd7 16. Be3 f5 17. Nxe5 Ndxe5 18. Bxe6+ Kh8 19. f4 Nf7 20. Bxf5 Nxa5 21. Be6
Bf6 22. Ra2 Nb7 23. Nc4 a5 24. g3 Qe8 25. Bd5 a4 26. Nb6 b3 27. cxb3 axb3 28.
Qxb3 Nh6 29. Qd1 Nd8 30. Nc4 Qd7 31. Kh2 Nc6 32. Ra6 Nd4 33. Rxd6 Rxb2+ 34.
Nxb2 Qxd6 35. Nc4 Qa6 36. Rf1 Rb8 37. e5 Bd8 38. Qh5 Bc7 39. f5 Ng8 40. Be4 h6
41. f6 Bxe5 42. Qg6 Nxf6 43. Rxf6 1-0

[Event "II Open A"]
[Site "San Marino SMR"]
[Date "2006.06.07"]
[Round "3"]
[White "Dworakowska, Joanna"]
[Black "Ovalle Burgos, Ramon"]
[Result "1-0"]
[WhiteElo "2364"]
[BlackElo "2174"]
[PlyCount "77"]
[EventDate "2006.06.05"]

1. e4 e5 2. Nf3 Nc6 3. d4 exd4 4. Nxd4 Bc5 5. Nxc6 Qf6 6. Qd2 dxc6 7. Nc3 Nh6
8. h3 Bd4 9. Bd3 Be6 10. Nd1 O-O-O 11. Qe2 Rhe8 12. c3 Bb6 13. Ne3 Kb8 14. Bc2
g5 15. Bd2 Qg7 16. O-O-O f5 17. exf5 Bd5 18. Qh5 Bf7 19. Qf3 Bxa2 20. b3 Rxd2
21. Kxd2 Qf7 22. Nc4 a5 23. Ra1 Bxb3 24. Bxb3 Nxf5 25. Kc2 Qg6 26. Kb2 Nh4 27.
Bc2 Qg8 28. Qd3 Rd8 29. Qe4 Rd4 30. cxd4 Qxc4 31. Rhd1 Ng6 32. d5 Qb5+ 33. Bb3
Qc5 34. Qc2 Qe7 35. dxc6 bxc6 36. Qxc6 Ne5 37. Qe4 Qf6 38. Kb1 Nc6 39. Qd5 1-0

[Event "II Open A"]
[Site "San Marino SMR"]
[Date "2006.06.07"]
[Round "3"]
[White "Efimenko, Zahar"]
[Black "Abergel, Thal"]
[Result "1-0"]
[WhiteElo "2648"]
[BlackElo "2457"]
[PlyCount "71"]
[EventDate "2006.06.05"]

1. e4 c5 2. Nf3 Nc6 3. d4 cxd4 4. Nxd4 Nf6 5. Nc3 d6 6. Bg5 e6 7. Qd2 a6 8.
O-O-O Bd7 9. f3 Be7 10. Kb1 Nxd4 11. Qxd4 Qa5 12. h4 Rc8 13. g4 h5 14. gxh5
Rxh5 15. Be2 Bc6 16. f4 Rh7 17. h5 Qc5 18. Qd3 Rh8 19. h6 gxh6 20. Bxh6 Rg8 21.
Bg5 d5 22. Bxf6 Bxf6 23. exd5 Bxd5 24. Nxd5 Qxd5 25. Qh7 Qg2 26. Bh5 Rc7 27.
Rh2 Qg3 28. Re2 Kf8 29. Rxe6 Qg7 30. Qxg7+ Kxg7 31. Rb6 Be7 32. Bf3 Rb8 33.
Rg1+ Kf8 34. Rh6 Bc5 35. Rh8+ Ke7 36. Re1+ 1-0

[Event "II Open A"]
[Site "San Marino SMR"]
[Date "2006.06.07"]
[Round "3"]
[White "Flores, Diego"]
[Black "Mullon, Jean-Baptiste"]
[Result "1/2-1/2"]
[WhiteElo "2494"]
[BlackElo "2344"]
[PlyCount "72"]
[EventDate "2006.06.05"]

1. c4 c6 2. Nc3 d5 3. e3 Nf6 4. Nf3 a6 5. Qc2 g6 6. b3 Bg7 7. Bb2 O-O 8. d4 Bf5
9. Bd3 Bxd3 10. Qxd3 Nbd7 11. O-O Re8 12. e4 Nxe4 13. Nxe4 dxe4 14. Qxe4 Qa5
15. Rfe1 Rad8 16. h3 Nc5 17. Qc2 Ne6 18. Re4 Ng5 19. Nxg5 Qxg5 20. Rd1 e6 21.
Qe2 Rd7 22. Bc1 Qd8 23. Bb2 Qa5 24. a4 Red8 25. Rd3 b5 26. Bc3 Qc7 27. Qd2 bxc4
28. Ba5 Qxa5 29. Qxa5 cxd3 30. Re1 Rxd4 31. Rd1 d2 32. Kf1 R8d5 33. Qxa6 Rb4
34. Qa7 Bf8 35. a5 Rxb3 36. a6 Ra3 1/2-1/2

[Event "II Open A"]
[Site "San Marino SMR"]
[Date "2006.06.07"]
[Round "3"]
[White "Fornasir, Carlo Gustavo"]
[Black "Chambule, Pedro Lucas"]
[Result "1-0"]
[WhiteElo "2039"]
[BlackElo "2177"]
[PlyCount "61"]
[EventDate "2006.06.05"]

1. d4 Nf6 2. Nf3 e6 3. g3 c5 4. c3 Nc6 5. Bg2 d5 6. O-O Be7 7. Bg5 Qb6 8. b3
O-O 9. dxc5 Qxc5 10. Be3 Qa5 11. a4 Ne4 12. b4 Qc7 13. Nfd2 Nd6 14. Na3 Bf6 15.
Nb5 Nxb5 16. axb5 Ne7 17. b6 Qxc3 18. Rxa7 Rxa7 19. bxa7 Bd7 20. Bc5 Ra8 21.
Ne4 Qb2 22. Nxf6+ Qxf6 23. e4 Bc6 24. Re1 Nc8 25. exd5 b6 26. dxe6 Rxa7 27. e7
h6 28. e8=Q+ Bxe8 29. Rxe8+ Kh7 30. Be4+ g6 31. Bd4 1-0

[Event "II Open A"]
[Site "San Marino SMR"]
[Date "2006.06.07"]
[Round "3"]
[White "Gagunashvili, Merab"]
[Black "Jovanic, Ognjen"]
[Result "1/2-1/2"]
[WhiteElo "2560"]
[BlackElo "2473"]
[PlyCount "73"]
[EventDate "2006.06.05"]

1. d4 d5 2. c4 c6 3. Nf3 Nf6 4. Nc3 dxc4 5. a4 Bf5 6. Ne5 Nbd7 7. Nxc4 Qc7 8.
g3 e5 9. dxe5 Nxe5 10. Bf4 Nfd7 11. Bg2 g5 12. Bxe5 Nxe5 13. Qd4 f6 14. O-O-O
Rd8 15. Qe3 Be7 16. Rxd8+ Kxd8 17. Rd1+ Kc8 18. Be4 Bxe4 19. Qxe4 h5 20. Qf5+
Kb8 21. Nxe5 Qxe5 22. Qxe5+ fxe5 23. h3 Kc7 24. Kc2 Rd8 25. Rxd8 Bxd8 26. Kd3
Kd6 27. Kc4 b6 28. b4 a6 29. Ne4+ Ke6 30. g4 hxg4 31. hxg4 b5+ 32. axb5 axb5+
33. Kd3 Be7 34. Kc3 Kd5 35. f3 Ke6 36. Kb3 Kd5 37. Kc3 1/2-1/2

[Event "II Open A"]
[Site "San Marino SMR"]
[Date "2006.06.07"]
[Round "3"]
[White "Genocchio, Daniele"]
[Black "Pienabarca, Nicola"]
[Result "1-0"]
[WhiteElo "2340"]
[BlackElo "2096"]
[PlyCount "81"]
[EventDate "2006.06.05"]

1. e4 e6 2. d4 d5 3. e5 c5 4. c3 Qb6 5. Nf3 Bd7 6. a3 Nc6 7. b4 cxd4 8. cxd4
Rc8 9. Be3 Nh6 10. Bd3 Ng4 11. O-O Nxe3 12. fxe3 Be7 13. Nbd2 Nb8 14. Qe2 Ba4
15. Rac1 O-O 16. Rxc8 Rxc8 17. Qf2 f5 18. exf6 Bxf6 19. g4 Nd7 20. g5 Be7 21.
Qh4 g6 22. Qg4 Rf8 23. Re1 Qd6 24. e4 e5 25. exd5 Kg7 26. Qe6 Qxe6 27. dxe6 Nb6
28. Rxe5 Bc6 29. Be4 Bd6 30. e7 Re8 31. Bxc6 bxc6 32. Re6 Nc8 33. Nc4 Rxe7 34.
Nxd6 Rxe6 35. Nxc8 Re3 36. Ne5 Rxa3 37. Nxc6 Rc3 38. N8xa7 Kf7 39. b5 Ke6 40.
b6 Rb3 41. b7 1-0

[Event "II Open A"]
[Site "San Marino SMR"]
[Date "2006.06.07"]
[Round "3"]
[White "Godena, Michele"]
[Black "Naumkin, Igor"]
[Result "1/2-1/2"]
[WhiteElo "2537"]
[BlackElo "2415"]
[PlyCount "25"]
[EventDate "2006.06.05"]

1. e4 e5 2. Nf3 Nc6 3. d4 exd4 4. Nxd4 Bc5 5. Nxc6 Qf6 6. Qf3 Qxf3 7. gxf3 bxc6
8. Be3 Bxe3 9. fxe3 Ne7 10. Nd2 O-O 11. O-O-O d6 12. Nb3 Kh8 13. c4 1/2-1/2

[Event "II Open A"]
[Site "San Marino SMR"]
[Date "2006.06.07"]
[Round "3"]
[White "Iordachescu, Viorel"]
[Black "Djingarova, Emilia"]
[Result "1/2-1/2"]
[WhiteElo "2601"]
[BlackElo "2319"]
[PlyCount "70"]
[EventDate "2006.06.05"]

1. c4 e6 2. Nf3 Nf6 3. Nc3 d5 4. cxd5 exd5 5. d4 Be7 6. Bg5 c6 7. e3 Bf5 8. h3
h6 9. Bxf6 Bxf6 10. Bd3 Bxd3 11. Qxd3 Nd7 12. b4 a6 13. O-O O-O 14. a4 Be7 15.
b5 axb5 16. axb5 Bd6 17. bxc6 bxc6 18. Ra6 Rxa6 19. Qxa6 Qf6 20. Qb7 Qe6 21.
Kh1 Nf6 22. Ra1 c5 23. dxc5 Bxc5 24. Ra6 Qf5 25. Ra5 Ne4 26. Nxe4 dxe4 27. Nd4
Qxf2 28. Rxc5 Qxe3 29. Qd7 Qd3 30. Rd5 Qf1+ 31. Kh2 Qf4+ 32. Kg1 Qc1+ 33. Kh2
Qf4+ 34. Kg1 Qc1+ 35. Kh2 Qf4+ 1/2-1/2

[Event "II Open A"]
[Site "San Marino SMR"]
[Date "2006.06.07"]
[Round "3"]
[White "Jaracz, Pawel"]
[Black "Ivanisevic, Ivan"]
[Result "1/2-1/2"]
[WhiteElo "2488"]
[BlackElo "2598"]
[PlyCount "32"]
[EventDate "2006.06.05"]

1. e4 c5 2. Nf3 e6 3. d4 cxd4 4. Nxd4 Nc6 5. Nb5 d6 6. c4 Nf6 7. N1c3 a6 8. Na3
Be7 9. g3 b6 10. Bg2 Bb7 11. O-O O-O 12. Nc2 Rc8 13. b3 Qc7 14. Bb2 Qb8 15. Qe2
Rfe8 16. Rad1 Bf8 1/2-1/2

[Event "II Open A"]
[Site "San Marino SMR"]
[Date "2006.06.07"]
[Round "3"]
[White "Kanina, Adriatik"]
[Black "De Santis, Alessio"]
[Result "0-1"]
[WhiteElo "2150"]
[BlackElo "2337"]
[PlyCount "81"]
[EventDate "2006.06.05"]

1. d4 d6 2. e3 g6 3. Nf3 Bg7 4. Be2 Nd7 5. O-O Ngf6 6. b3 O-O 7. Bb2 c6 8. c4
Qc7 9. Qc2 Re8 10. Nc3 h6 11. b4 Nb6 12. Rfc1 Bg4 13. h3 Bxf3 14. gxf3 e5 15.
dxe5 dxe5 16. Ne4 Nxe4 17. fxe4 c5 18. b5 Qe7 19. Rd1 Qh4 20. Bf1 Bf8 21. a4
Qg5+ 22. Bg2 a5 23. Rd2 Qe7 24. Rad1 Qe6 25. Bf1 Kh7 26. f4 exf4 27. Qc3 f6 28.
exf4 Be7 29. Qc2 Rad8 30. e5 fxe5 31. fxe5 Rxd2 32. Rxd2 Rd8 33. Bd3 Bg5 34.
Re2 Rg8 35. Kg2 Rg7 36. Rf2 Nd7 37. Be4 Nxe5 38. Bxe5 Qxe5 39. Bxg6+ Kg8 40.
Re2 Be3 41. Qd3 0-1

[Event "II Open A"]
[Site "San Marino SMR"]
[Date "2006.06.07"]
[Round "3"]
[White "Kuzubov, Yuriy"]
[Black "Szymanski, Marcin"]
[Result "1-0"]
[WhiteElo "2554"]
[BlackElo "2412"]
[PlyCount "115"]
[EventDate "2006.06.05"]

1. d4 Nf6 2. c4 e6 3. Nc3 Bb4 4. g3 c5 5. Nf3 cxd4 6. Nxd4 Ne4 7. Qd3 Qa5 8.
Nb3 Nxc3 9. Nxa5 Ne4+ 10. Qd2 Bxd2+ 11. Bxd2 Nxd2 12. Kxd2 Nc6 13. Nb3 b6 14.
Bg2 Bb7 15. c5 Na5 16. Bxb7 Nxb7 17. Rac1 bxc5 18. Nxc5 Nxc5 19. Rxc5 Ke7 20.
Rhc1 Rhb8 21. b3 Rb6 22. e4 f6 23. Kd3 Rab8 24. h4 Ra6 25. R1c2 Rb4 26. Kc3
Rab6 27. Rc4 Rxc4+ 28. Kxc4 Ra6 29. a4 Ra5 30. Kd4 f5 31. f3 fxe4 32. fxe4 Kd6
33. g4 e5+ 34. Ke3 Ra6 35. Rc8 Ke7 36. Rg8 Rg6 37. g5 h6 38. gxh6 Rxh6 39.
Rxg7+ Ke6 40. Kd3 Rxh4 41. Rg6+ Ke7 42. Ra6 Rh3+ 43. Kc4 Re3 44. Kd5 Rd3+ 45.
Kxe5 d6+ 46. Kf4 Rxb3 47. Rxa7+ Ke6 48. a5 Rb8 49. Rh7 Rb5 50. a6 Ra5 51. Ra7
Ra4 52. Ra8 Kd7 53. a7 Kc7 54. Kf5 Kb7 55. Rd8 Kxa7 56. Rxd6 Kb7 57. e5 Kc7 58.
Rd1 1-0

[Event "II Open A"]
[Site "San Marino SMR"]
[Date "2006.06.07"]
[Round "3"]
[White "Lagrotteria, Salvatore"]
[Black "Ricci, Alfredo"]
[Result "1-0"]
[WhiteElo "2176"]
[BlackElo "2031"]
[PlyCount "85"]
[EventDate "2006.06.05"]

1. d4 d5 2. c4 e6 3. Nc3 Nf6 4. Nf3 Be7 5. Bg5 O-O 6. e3 a6 7. Bxf6 Bxf6 8.
cxd5 exd5 9. Qb3 c6 10. Bd3 Re8 11. O-O Nd7 12. Rad1 g6 13. Rfe1 Rb8 14. e4 Nb6
15. exd5 Rxe1+ 16. Rxe1 cxd5 17. h3 Be6 18. Ne2 Qd6 19. Ne5 Nd7 20. f4 b5 21.
Rf1 Nb6 22. Qd1 Nc4 23. Qe1 Bg7 24. b3 Nxe5 25. fxe5 Qb6 26. Kh1 b4 27. Qf2 a5
28. Nf4 Rf8 29. Be2 Qc6 30. Bf3 f6 31. Qe2 fxe5 32. Nxe6 Qxe6 33. dxe5 Bxe5 34.
Re1 Re8 35. Qb5 Rd8 36. Qxa5 Qd6 37. Rxe5 Qxe5 38. Qxd8+ Kg7 39. Qxd5 Qe1+ 40.
Kh2 Kh6 41. Qd6 Kg7 42. g3 Qc3 43. Qe7+ 1-0

[Event "II Open A"]
[Site "San Marino SMR"]
[Date "2006.06.07"]
[Round "3"]
[White "Lamastus-Candal, Jean Paul"]
[Black "Bhat, Vinay S."]
[Result "1-0"]
[WhiteElo "2225"]
[BlackElo "2409"]
[PlyCount "51"]
[EventDate "2006.06.05"]

1. e4 e6 2. d4 d5 3. Nc3 Bb4 4. e5 Ne7 5. a3 Bxc3+ 6. bxc3 c5 7. Qg4 O-O 8. Bd3
Nbc6 9. Qh4 Ng6 10. Qxd8 Rxd8 11. Nf3 b6 12. h4 f6 13. h5 Nge7 14. h6 fxe5 15.
dxe5 c4 16. Be2 Ng6 17. hxg7 Ncxe5 18. Ng5 Rd7 19. Nxh7 Rxg7 20. Ng5 Nf7 21.
Nxf7 Kxf7 22. f4 Bb7 23. Be3 e5 24. fxe5 Nxe5 25. Bd4 Kf6 26. Rh6+ 1-0

[Event "II Open A"]
[Site "San Marino SMR"]
[Date "2006.06.07"]
[Round "3"]
[White "Lauridsen, Jesper Morch"]
[Black "Garcia Palermo, Carlos Horacio"]
[Result "1/2-1/2"]
[WhiteElo "2257"]
[BlackElo "2462"]
[PlyCount "69"]
[EventDate "2006.06.05"]

1. e4 b6 2. d4 Bb7 3. Bd3 e6 4. Nf3 g6 5. Bg5 Qc8 6. O-O Bg7 7. Nc3 h6 8. Bf4
d6 9. a4 a6 10. a5 b5 11. e5 dxe5 12. Nxe5 Nf6 13. Qd2 Nbd7 14. Rfe1 Nxe5 15.
Bxe5 O-O 16. Bxf6 Bxf6 17. Qxh6 Bg7 18. Qe3 Rd8 19. Ne2 c5 20. dxc5 Bxb2 21.
Rab1 Qc6 22. Qh3 Bg7 23. Nf4 Rd4 24. Nxg6 Qxc5 25. Re3 Re8 26. Rbe1 Rxd3 27.
cxd3 fxg6 28. Rxe6 Rxe6 29. Qxe6+ Kh7 30. Qh3+ Qh5 31. Qd7 Qd5 32. Qh3+ Kg8 33.
Qe6+ Kh7 34. Qh3+ Kg8 35. Qe6+ 1/2-1/2

[Event "II Open A"]
[Site "San Marino SMR"]
[Date "2006.06.07"]
[Round "3"]
[White "Lettieri, Giuseppe"]
[Black "Bonafede, Alessandro"]
[Result "0-1"]
[WhiteElo "2285"]
[BlackElo "2161"]
[PlyCount "98"]
[EventDate "2006.06.05"]

1. e4 c5 2. Nf3 Nc6 3. c3 Nf6 4. e5 Nd5 5. d4 cxd4 6. cxd4 d6 7. Bc4 Nb6 8. Bb3
dxe5 9. d5 Na5 10. Nc3 Nxb3 11. Qxb3 e6 12. Nxe5 Bd6 13. Qb5+ Bd7 14. Nxd7 Qxd7
15. dxe6 fxe6 16. Qb3 Be5 17. Ne4 Qd5 18. Qf3 O-O-O 19. O-O Kb8 20. Be3 Rhf8
21. Qg4 h5 22. Qh4 Bxb2 23. Rab1 Nc4 24. Bg5 Rd7 25. Rfe1 Bd4 26. Kh1 Ne5 27.
Bf4 Ka8 28. Bxe5 Qxe5 29. Ng5 Qf6 30. Rxe6 Qxf2 31. Qxf2 Bxf2 32. Rf1 Rfd8 33.
g4 Bd4 34. gxh5 a6 35. Rd1 Ka7 36. Rg6 Bc3 37. Rxd7 Rxd7 38. Ne6 a5 39. a4 Rd1+
40. Rg1 Rxg1+ 41. Kxg1 Be5 42. Kf1 b5 43. axb5 a4 44. Nd8 Kb6 45. Nc6 Bc3 46.
Ke2 a3 47. Ne7 a2 48. Nd5+ Kb7 49. Nxc3 a1=Q 0-1

[Event "II Open A"]
[Site "San Marino SMR"]
[Date "2006.06.07"]
[Round "3"]
[White "Low, Steven"]
[Black "Canova, Luca"]
[Result "0-1"]
[WhiteElo "1801"]
[BlackElo "2106"]
[PlyCount "74"]
[EventDate "2006.06.05"]

1. d4 d5 2. Nf3 Nf6 3. c4 c6 4. Nc3 e6 5. Bg5 h6 6. Bh4 g5 7. Bg3 dxc4 8. a4
Bb4 9. Qc2 b5 10. axb5 cxb5 11. e3 Bb7 12. Be2 g4 13. Nh4 Nbd7 14. O-O Qb6 15.
Rab1 a6 16. f3 h5 17. Rf2 Bd6 18. f4 Qc6 19. Rd1 Ne4 20. d5 exd5 21. Nxe4 dxe4
22. Qc3 O-O-O 23. b3 Bc5 24. b4 Be7 25. Nf5 Bf6 26. Qc1 Nb6 27. Bh4 Bxh4 28.
Nxh4 Qf6 29. g3 Rxd1+ 30. Bxd1 Rd8 31. Rd2 Rd3 32. Ng2 Qd6 33. Rxd3 exd3 34.
Qd2 Qd5 35. Ne1 Qh1+ 36. Kf2 Qxh2+ 37. Ng2 Qxg2+ 0-1

[Event "II Open A"]
[Site "San Marino SMR"]
[Date "2006.06.07"]
[Round "3"]
[White "Lujan, Carolina Maria"]
[Black "Pozzi, Enrico"]
[Result "1-0"]
[WhiteElo "2378"]
[BlackElo "2223"]
[PlyCount "59"]
[EventDate "2006.06.05"]

1. e4 e5 2. Nf3 d6 3. d4 Nf6 4. Nc3 Nbd7 5. g4 Nxg4 6. Rg1 exd4 7. Nxd4 Nb6 8.
Rxg4 Bxg4 9. Qxg4 h5 10. Qh3 Be7 11. Be3 Bg5 12. O-O-O Bxe3+ 13. Qxe3 a6 14.
Bh3 Qf6 15. f4 Kf8 16. Kb1 Re8 17. Qg3 h4 18. Qf3 g6 19. a3 c5 20. Nb3 g5 21.
e5 dxe5 22. Qxb7 exf4 23. Nxc5 Kg7 24. N3e4 Qg6 25. Rd6 Qh5 26. Qxb6 g4 27. Nf6
Re1+ 28. Ka2 Qf5 29. Nd3 gxh3 30. Nxe1 1-0

[Event "II Open A"]
[Site "San Marino SMR"]
[Date "2006.06.07"]
[Round "3"]
[White "Manik, Mikulas"]
[Black "Torre, Eugenio"]
[Result "1-0"]
[WhiteElo "2450"]
[BlackElo "2543"]
[PlyCount "91"]
[EventDate "2006.06.05"]

1. e4 e5 2. Nf3 Nc6 3. Bb5 a6 4. Ba4 Nf6 5. O-O Nxe4 6. d4 b5 7. Bb3 d5 8. dxe5
Be6 9. Nbd2 Nc5 10. c3 Nxb3 11. Nxb3 Be7 12. Re1 O-O 13. Nfd4 Qd7 14. f4 Nxd4
15. cxd4 a5 16. Be3 a4 17. Nc1 Ra6 18. Nd3 Bf5 19. Rc1 Rg6 20. Nf2 Ra8 21. Qf3
Raa6 22. Kh1 Bh4 23. g3 Be7 24. Kg1 Rac6 25. Rxc6 Rxc6 26. g4 Bc2 27. Qg3 a3
28. Bc1 Rc4 29. b3 Rxd4 30. h3 Qc6 31. Kh2 Re4 32. Nxe4 Bxe4 33. Qf2 Bc5 34.
Be3 Bxe3 35. Qxe3 Qc2+ 36. Kg3 Qxa2 37. Rc1 Qg2+ 38. Kh4 a2 39. Rxc7 h6 40. e6
a1=Q 41. exf7+ Kh7 42. f8=Q Qgh1 43. f5 Qae1+ 44. Qxe1 Qxe1+ 45. Kh5 Qa1 46.
Qf7 1-0

[Event "II Open A"]
[Site "San Marino SMR"]
[Date "2006.06.07"]
[Round "3"]
[White "Martorelli, Antonio"]
[Black "Vijayalakshmi, Subbaraman"]
[Result "0-1"]
[WhiteElo "2265"]
[BlackElo "2472"]
[PlyCount "70"]
[EventDate "2006.06.05"]

1. e4 e5 2. Nc3 Nc6 3. Nf3 Nf6 4. Bb5 Bb4 5. O-O O-O 6. Bxc6 bxc6 7. d3 Re8 8.
Bg5 h6 9. Bxf6 Qxf6 10. Ne2 d5 11. Ng3 Bd6 12. Kh1 g6 13. Qd2 Kg7 14. Qa5 Be6
15. b3 h5 16. Ng1 h4 17. N3e2 g5 18. f3 Qe7 19. Qc3 d4 20. Qxc6 Bd7 21. Qa6
Reb8 22. c3 Rb6 23. Qa5 Rb5 24. Qa6 Rab8 25. cxd4 exd4 26. a4 Rxb3 27. Rac1
R8b6 28. Qxa7 Rxd3 29. a5 Rb2 30. Qa8 h3 31. g3 Rdd2 32. Rfd1 d3 33. Rxd2 Rxd2
34. Nd4 Qe5 35. Qd5 Rxh2+ 0-1